Letters to the Georgia convention (Galatians) and to the Alabaster African Church, Smithville, Alabama (Philippians) in the Koinonia "Cotton patch" version. (Record no. 5792)

000 -LEADER
fixed length control field 00766nam a2200193 a 4500
001 - CONTROL NUMBER
control field :::00003534$&:&@@
003 - CONTROL NUMBER IDENTIFIER
control field OkBaRHE
005 - DATE AND TIME OF LATEST TRANSACTION
control field 20000607103307.0
008 - FIXED-LENGTH DATA ELEMENTS--GENERAL INFORMATION
fixed length control field s1964 j 000 0 eng u
040 ## - CATALOGING SOURCE
Transcribing agency
100 1# - MAIN ENTRY--PERSONAL NAME
Personal name Jordan, Clarence L.
245 10 - TITLE STATEMENT
Title Letters to the Georgia convention (Galatians) and to the Alabaster African Church, Smithville, Alabama (Philippians) in the Koinonia "Cotton patch" version.
260 ## - PUBLICATION, DISTRIBUTION, ETC. (IMPRINT)
Place of publication, distribution, etc Americus, GA., :
Name of publisher, distributor, etc Koinonia Farm
Date of publication, distribution, etc c1964
300 ## - PHYSICAL DESCRIPTION
Extent 19 p. ;
Dimensions 22 cm.
650 ## - SUBJECT ADDED ENTRY--TOPICAL TERM
Topical term or geographic name as entry element Bible New Testament Galatians
General subdivision Paraphrases, English
650 ## - SUBJECT ADDED ENTRY--TOPICAL TERM
Topical term or geographic name as entry element Bible New Testament Philippians
General subdivision Paraphrases, English
942 ## - ADDED ENTRY ELEMENTS (KOHA)
Source of classification or shelving scheme
Koha item type Books
Copies
Lost status Damaged status Copy number Shelving location Date last seen Not for loan Barcode Price effective from Source of classification or shelving scheme Permanent Location Withdrawn status Date acquired Koha item type Full call number
  1General Stacks2018-04-03 35342010-04-14 RHEMA Bible Training College 2010-04-14BooksBS 2685 .J589